Ambedkar writes (Record no. 443460)

000 -LEADER
fixed length control field 00610cam a22001817a 4500
008 - FIXED-LENGTH DATA ELEMENTS--GENERAL INFORMATION
fixed length control field 180718b2014 xxu||||| |||| 00| 0 eng d
020 ## - INTERNATIONAL STANDARD BOOK NUMBER
International Standard Book Number 9789322008345
082 ## - DEWEY DECIMAL CLASSIFICATION NUMBER
Classification number A99 Am16 J173
100 ## - MAIN ENTRY--PERSONAL NAME
Personal name Jadhav, Narendra
245 ## - TITLE STATEMENT
Title Ambedkar writes
Statement of responsibility, etc. Edited by Narendra Jadhav
260 ## - PUBLICATION, DISTRIBUTION, ETC.
Place of publication, distribution, etc. New Delhi
Name of publisher, distributor, etc. Konark
Date of publication, distribution, etc. 2014
300 ## - PHYSICAL DESCRIPTION
Extent 2 vols
500 ## - GENERAL NOTE
General note Conents: vol.1 Political writings, 530p., vol.2 Scholarly writings, 529p.
650 ## - SUBJECT ADDED ENTRY--TOPICAL TERM
Topical term or geographic name entry element India -- Politics and government
650 ## - SUBJECT ADDED ENTRY--TOPICAL TERM
Topical term or geographic name entry element Social classes -- India
650 ## - SUBJECT ADDED ENTRY--TOPICAL TERM
Topical term or geographic name entry element Reverse discrimination -- India
650 ## - SUBJECT ADDED ENTRY--TOPICAL TERM
Topical term or geographic name entry element Ambedkar, B. R. (Bhimrao Ramji), 1891-1956
Holdings
Withdrawn status Lost status Damaged status Not for loan Permanent Location Current Location Date acquired Full call number Barcode Date last seen Price effective from Koha item type
        Indian Institute of Public Administration Indian Institute of Public Administration 2013-12-06 A99 Am16 J173 85376 2018-07-21 2018-07-21 Book

Powered by Koha